| Tag |
First Indicator |
Second Indicator |
Subfields |
| LEADER |
00000cam a2200000 i 4500 |
| 001 |
in00004363821 |
| 005 |
20211018103053.0 |
| 006 |
m o d |
| 007 |
cr ||||||||||| |
| 008 |
201217t20212021enka ob 001 0 eng |
| 010 |
|
|
|a 2020056610
|
| 020 |
|
|
|a 9781003055761
|q electronic book
|
| 020 |
|
|
|a 1003055761
|q electronic book
|
| 020 |
|
|
|a 9781000398472
|q electronic book
|
| 020 |
|
|
|a 1000398471
|q electronic book
|
| 020 |
|
|
|a 9781000398465
|q electronic book
|
| 020 |
|
|
|a 1000398463
|q electronic book
|
| 020 |
|
|
|z 9780367519407
|q hardcover
|
| 020 |
|
|
|z 0367519410
|q hardcover
|
| 020 |
|
|
|z 9780367519414
|q paperback
|
| 020 |
|
|
|z 0367519402
|q paperback
|
| 024 |
8 |
|
|a 40030666815
|
| 035 |
|
|
|a (DLC)ybp17324057
|
| 037 |
|
|
|a 9781003055761
|b Taylor & Francis
|
| 040 |
|
|
|a NhCcYBP
|c NhCcYBP
|d UtOrBLW
|
| 042 |
|
|
|a pcc
|
| 050 |
|
4 |
|a LB2369
|b .J44 2021
|
| 072 |
|
7 |
|a EDU
|x 015000
|2 bisacsh
|
| 072 |
|
7 |
|a JNM
|2 bicssc
|
| 082 |
0 |
0 |
|a 808.02071
|2 23
|
| 100 |
1 |
|
|a Jegede, Jola,
|e author.
|0 http://id.loc.gov/authorities/names/n96102837
|
| 245 |
1 |
0 |
|a Doing a PhD in the social sciences :
|b a student's guide to post-graduate research and writing /
|c Francis Jegede.
|
| 264 |
|
1 |
|a Abingdon, Oxon ;
|a New York, NY :
|b Routledge,
|c 2021.
|
| 264 |
|
4 |
|c ©2021
|
| 300 |
|
|
|a 1 online resource.
|
| 336 |
|
|
|a text
|b txt
|2 rdacontent
|
| 337 |
|
|
|a computer
|b c
|2 rdamedia
|
| 338 |
|
|
|a online resource
|b cr
|2 rdacarrier
|
| 504 |
|
|
|a Includes bibliographical references and index.
|
| 505 |
0 |
|
|a <P>1. What is and Why do a PhD? 2. The PhD application process 3. Working with your supervisor/director of study 4. Finding support for your PhD 5. Writing your literature review 6. Understanding theoretical perspectives and developing your research methodology 7. Understanding Ethical issues and laws regarding PhD research and personal data 8. Owning and driving your own PhD research 9. Conducting fieldwork and collecting your data 10. Analysing your research data -- quantitative and qualitative approaches 11. Writing up your PhD thesis 12. Preparing for and doing your viva voce -- oral examination 13. Making the most of your PhD degree</P>
|
| 545 |
0 |
|
|a Francis Jegede is Associate Professor in International Relations and Diplomacy and the Chair of College Research Committee at the University of Derby, UK.
|
| 588 |
|
|
|a Description based on online resource; title from digital title page (viewed on August 16, 2021).
|
| 500 |
|
|
|a Electronic resource.
|
| 650 |
|
0 |
|a Dissertations, Academic
|x Authorship.
|
| 650 |
|
0 |
|a Social sciences
|x Research
|x Methodology.
|0 http://id.loc.gov/authorities/subjects/sh2008111864
|
| 655 |
|
7 |
|a Electronic books.
|2 local
|
| 710 |
2 |
|
|a Taylor & Francis.
|0 http://id.loc.gov/authorities/names/n84073022
|
| 776 |
1 |
8 |
|i Print version:
|a Jegede, Jola.
|t Doing a PhD in the social sciences
|d Abingdon, Oxon ; New York : Routledge, 2021.
|z 9780367519407
|w (DLC) 2020056609
|
| 856 |
4 |
0 |
|u http://proxy.library.tamu.edu/login?url=https://www.taylorfrancis.com/books/9781003055761
|z Connect to the full text of this electronic book
|t 0
|
| 945 |
|
|
|b 988149
|
| 955 |
|
|
|a YBP purchased approval e-records
|
| 980 |
|
|
|b ebook
|c 40030666815
|f NONFIC/B
|g 565751
|k USD
|m 180.00
|q 1
|s AcqMono Conventional
|t Approval plan
|u Vendor order reference number
|v ZYBP
|y E-approvals
|z Electronic resource
|
| 999 |
f |
f |
|s 913e7969-5405-3c78-9e05-fcefac1c8034
|i 3c301a00-25ee-364d-a9ed-737f10dcebb3
|t 0
|
| 952 |
f |
f |
|a Texas A&M University
|b College Station
|c Electronic Resources
|d Available Online
|t 0
|e LB2369 .J44 2021
|h Library of Congress classification
|
| 998 |
f |
f |
|a LB2369 .J44 2021
|t 0
|l Available Online
|